000
00276nam a22001217a 4500
999
_c
534150
_d
534150
040
_c
DLC
082
_a
954.91
100
_a
Aqeel Abasi Jafri.
_9
28296
245
_a
Pakistan Kay Siyasi Waderay
260
_a
Lahore
_b
Jhangir Box
_c
[N.D]
300
_a
976;p
942
_2
ddc
_c
BK